Tous les clubs affrontés par Metz en coupe d'Europe - Statistiques

Statistiques générales
  • Ce quiz a été pris 22 fois
  • Le résultat moyen est 3 sur 23
Statistiques - réponses
Année 1ère confrontation Nombres de matchs Bilan Clubs % Correct
1984-85 2 1v 1d Barcelone
100%
1984-85 2 1n 1d Dynamo Dresde
29%
1969-70 2 1n 1d Napoli
29%
1996-97 2 1n 1d Newcastle
29%
1998-99 2 1v 1d Etoile Rouge Belgrade
24%
1968-69 2 2d Hambourg
19%
1996-97 2 1v 1d Sporting Lisbonne
19%
1999-2000 2 1v 1d West-Ham
19%
1988-89 2 2d Anderlecht
14%
1998-99 2 1n 1d HJK Helsinki
14%
1995 2 1d Strasbourg
14%
1997-98 2 2v Mouscron
10%
1985-86 2 1n 1d Hajduk Split
5%
1997-98 2 1n 1d Karlsruher
5%
1999-2000 2 1v 1d Lokeren
5%
1995 2 1v NK Zagreb
5%
1999-2000 2 1v 1n Polonia Varsovie
5%
1999-2000 2 1v 1d Zilina
5%
1995 2 1v Ceahlaul Piatra Neamt
0%
1995 2 1v Keflavík
0%
1995 2 1v LASK
0%
1995 2 1v Patrick Thistle
0%
1996-97 2 1v 1n Tirol Innsbruck
0%
Aucun quiz correspondant
Distribution des résultats
% des personnes avec chaque résultat
Percentile par nombre de réponses
Votre historique - résultats
Vous n’avez pas pris ce quiz